A síkság fogalmának kialakításával kapcsolatos kérdések

Elmentve itt :
Bibliográfiai részletek
Szerző: Németh István
Dokumentumtípus: Cikk
Megjelent: 1965
Sorozat:Módszertani közlemények 5 No. 5
Kulcsszavak:Neveléstudomány, Földrajz
Online Access:http://acta.bibl.u-szeged.hu/25810
LEADER 00645nab a2200181 i 4500
001 acta25810
005 20210225102535.0
008 161017s1965 hu o 0|| hun d
022 |a 0544-7224 
040 |a SZTE Egyetemi Kiadványok Repozitórium  |b hun 
041 |a hun 
100 1 |a Németh István 
245 1 2 |a A síkság fogalmának kialakításával kapcsolatos kérdések  |h [elektronikus dokumentum] /  |c  Németh István 
260 |c 1965 
300 |a 342-344 
490 0 |a Módszertani közlemények  |v 5 No. 5 
695 |a Neveléstudomány, Földrajz 
856 4 0 |u http://acta.bibl.u-szeged.hu/25810/1/modszertani_005_005_342-344.pdf  |z Dokumentum-elérés